| 000 | 00417nam a22001697a 4500 | ||
|---|---|---|---|
| 005 | 20250515104043.0 | ||
| 008 | 250515b |||||||| |||| 00| 0 eng d | ||
| 020 | _a978-81-239-2930-9 | ||
| 082 | _a617 R4 | ||
| 100 | _aNan A K | ||
| 245 | _aUndergraduate Surgery | ||
| 250 | _a3rd | ||
| 260 |
_bCBS Publishers & Distributors Pvt Ltd _c2024 |
||
| 650 |
_vphysiotherapy _xSurgery |
||
| 942 | _cBK | ||
| 999 |
_c249077 _d249077 |
||